Library of the University of Algiers 3
Ibrahim Sultan Cheibout
شعار جامعة الجزائر 3
مكتبة جامعة الجزائر 3
إبراهيم سلطان شيبوط

المطول في القانون المدني : (رقم التسجيلة. 46022)

تفاصيل مارك
000 -LEADER
fixed length control field 02168nam a2200229Ia 4500
003 - CONTROL NUMBER IDENTIFIER
control field Ost
005 - DATE AND TIME OF LATEST TRANSACTION
control field 20260507075730.0
008 - FIXED-LENGTH DATA ELEMENTS--GENERAL INFORMATION
fixed length control field 260507s9999||||xx |||||||||||||| ||und||
040 ## - CATALOGING SOURCE
Transcribing agency fsecg
041 ## - LANGUAGE CODE
Language code of text/sound track or separate title ara
082 ## - DEWEY DECIMAL CLASSIFICATION NUMBER
Classification number 346
100 ## - MAIN ENTRY--PERSONAL NAME
Personal name غستان، جاك
Relator term مؤلف
245 #0 - TITLE STATEMENT
Title المطول في القانون المدني :
Remainder of title مفاعيل العقد او اثاره /
Statement of responsibility, etc. جاك غستان
260 ## - PUBLICATION, DISTRIBUTION, ETC.
Place of publication, distribution, etc. بيروت:
Name of publisher, distributor, etc. المؤسسه الجامعيه للدراسات والنشر والتوزيع,
Date of publication, distribution, etc. 2000
300 ## - PHYSICAL DESCRIPTION
Extent 1024 صفحة؛
Other physical details إيضاحات ؛
Dimensions 24 سم
520 ## - SUMMARY, ETC.
Summary, etc. يعرض الكتاب ايضا القانون الذي يسوس مفاعيل العقد، تجاه الفرقاء (تفسير العقد ووصفه ومدته) وتجاه الغير (الحجية والعلنية القانونية والغش البولياني، أو البولصي، والصورية، والتمثيل، والاشتراط لصالح الغير، والتنازل عن العقد، والدعوى المباشرة). وهو يقدم نظرية عصرية للعقد مبنية على تحليل معمق للفقه وللقانون الوضعي، وعلى وجه الخصوص لاجتهاد محكمة النقض (أو محكمة التمييز في لبنان). إنه تتمة تكوين العقد في المطوّل في القانون المدني. ولم تتف هذه الطبعة بمجرد التنقيح. إنها تجني فائدة النقاش الفقهي الذي نمى حديثاً في شأن التفريق بين الفرقاء والغير لتقديم معيار جديد وتصنيف جديد مستنتجين من ذلك. وهي تبسط النتائج، ولا سيما في ما يتعلق بالنظام والموقف المناسب في شأن التنازل الاتفاقي المفترض عن العقد. وهي تحدد بدقة الروابط التي توحد الدعاوى المباشرة ومجموعات العقود.
653 ## - INDEX TERM--UNCONTROLLED
Uncontrolled term العقود
653 ## - INDEX TERM--UNCONTROLLED
Uncontrolled term القانون المدني
700 ## - ADDED ENTRY--PERSONAL NAME
Personal name بيو، كريستوف
Relator term مؤلف ثانوي
700 ## - ADDED ENTRY--PERSONAL NAME
Personal name جامان
Relator term مؤلف ثانوي
942 ## - ADDED ENTRY ELEMENTS (KOHA)
Koha item type كتب
المقتنيات
Withdrawn status Lost status Source of classification or shelving scheme Damaged status Not for loan Home library Current library Date acquired Serial enumeration / chronology Inventory number Total checkouts Full call number Barcode Date last seen Price effective from Koha item type
    Dewey Decimal Classification   Available مكتبة كلية العلوم الإقتصادية والعلوم التجارية وعلوم التسيير مكتبة كلية العلوم الإقتصادية والعلوم التجارية وعلوم التسيير 07/05/2026 الطابق الأرضي 1167/1   أ/1167ن1 1167/1 07/05/2026 07/05/2026 كتب
    Library of Congress Classification   NOT LOAN / إعارة داخلية مكتبة كلية العلوم الإقتصادية والعلوم التجارية وعلوم التسيير مكتبة كلية العلوم الإقتصادية والعلوم التجارية وعلوم التسيير 07/05/2026 الطابق الأرضي 025.21/218   أ/1167ن2 025.21/218 07/05/2026 07/05/2026 كتب

موارد الويب المفتوحة


© University of Algiers 3 All Rights Reserved
|
Implemented by LECHELAH Riad